000 nam a22 7a 4500
999 _c332531
_d332531
003 NUST
005 20171212104750.0
008 171212b xxu||||| |||| 00| 0 eng d
040 _c0
082 _a302.23
100 _4Mahnoor sheikh, Noor Usman Rafi and Hareem Sattar
245 _aSocial engagement at NUST & the development of entrepreneurial skillsets
_ban exploratory study of NUST,s graduate entrepreneurs
260 _aIslamabad
_bNational University of Sciences and Technology
_c2017
300 _a81p
942 _2ddc
_cTH